Copaga, 50 anys arrelant / [coordinació general i redacció: Paquita Bieto i Roger Torres] Paquita Bieto i Roger Torres]
Descripción Física:
138 p. : il. col. ; 30 cm
Materias:
Cooperatives ramaderes
MARC
| LEADER | 00000nam a2200000Ia 4500 | ||
|---|---|---|---|
| 001 | 10801 | ||
| 008 | 160829s9999 xx 000 0 cat d | ||
| 080 | |a C-1-148 | ||
| 100 | |a Copaga, Societat Cooperativa |9 20738 | ||
| 245 | |a Copaga, 50 anys arrelant / [coordinació general i redacció: |b Paquita Bieto i Roger Torres] | ||
| 260 | |a [S.l.] : |b Copaga, [1994] | ||
| 300 | |a 138 p. : |b il. col. ; |c 30 cm | ||
| 650 | |a Cooperatives ramaderes |9 20739 | ||
| 700 | 1 | |a Bieto, Paquita |9 20740 | |
| 700 | |a Torres, Roger, coord. |9 20741 | ||
| 901 | |a Arxiu | ||
| 942 | |n 1 | ||
| 952 | |0 0 |1 0 |4 0 |6 C1148 |7 1 |9 41646 |a Arxiu |b Arxiu |d 2016-12-01 |l 0 |o C-1-148 |p 10801 |r 2016-12-01 00:00:00 |w 2016-12-01 |y ARXIU | ||
| 999 | |c 43536 |d 43536 | ||